Learning Internet Of Things (Record no. 348481)

MARC details
000 -LEADER
fixed length control field 00553nam a2200169Ia 4500
008 - FIXED-LENGTH DATA ELEMENTS--GENERAL INFORMATION
fixed length control field 230718s9999 xx 000 0 und d
020 ## - INTERNATIONAL STANDARD BOOK NUMBER
International Standard Book Number 9781783553532
041 ## - LANGUAGE CODE
Language code of text/sound track or separate title eng
082 ## - DEWEY DECIMAL CLASSIFICATION NUMBER
Classification number 005.678
Item number WAH
100 ## - MAIN ENTRY--PERSONAL NAME
Personal name Waher P.
245 ## - TITLE STATEMENT
Title Learning Internet Of Things
Remainder of title Explore And Learn About Internet Of Things With The Help Of Engaging And Enlightening Tutorials Designed For Raspberry Pi
260 ## - PUBLICATION, DISTRIBUTION, ETC. (IMPRINT)
Date of publication, distribution, etc. 2015
Name of publisher, distributor, etc. Packt
300 ## - PHYSICAL DESCRIPTION
Extent 221
365 ## - TRADE PRICE
Currency code Rs.
Price amount 799.00
700 ## - ADDED ENTRY--PERSONAL NAME
Personal name Waher P.
906 ## - LOCAL DATA ELEMENT F, LDF (RLIN)
d O:0611614-Sep-2018B:TI/20180026129-Aug-2018
c TIT
b 2397
Holdings
Withdrawn status Lost status Damaged status Not for loan Home library Current library Date acquired Vendor Budget Code Cost, normal purchase price Bill number Total Checkouts Full call number Barcode Date last seen Date last checked out Discount Cost, replacement price Bill Date Koha item type Original Barcode
        Cummins College of Engineering for Women Pune Cummins College of Engineering for Women Pune 14/09/2018 GIST - Global Information Systems Technology TIT 559.30 TI/201800261 1 005.678 CCEP-BK-59688 26/09/2025 08/09/2025 2397 799.00 29/08/2018 Books 059688